Mash
Η καθημερινότητα μιας ομάδας χειρουργών που υπηρετούν σε ένα κινητό νοσοκομείο κατά την διάρκεια του πολέμου της Κορέας. Προκειμένου να αντεπεξέλθουν στην καθημερινή φρίκη που αντιμετωπίζουν, υιοθετούν ένα διαφορετικό τρόπο ζωής και μεταλλάσσουν την θητεία τους σε μια ανεπανάληπτη σουρεαλιστική περι...
Αποθηκεύτηκε σε:
| Άλλοι συγγραφείς: | , , , , , |
|---|---|
| Μορφή: | |
| Γλώσσα: | English Multiple |
| Δημοσίευση: |
[S.l.] : Αθήνα :
Twentieth Century Fox ; Odeon [Εταιρεία διανομής],
c2002.
|
| Θέματα: | |
| Ετικέτες: |
Προσθήκη ετικέτας
Δεν υπάρχουν, Καταχωρήστε ετικέτα πρώτοι!
|
MARC
| LEADER | 00000cgm a2200000 i 4500 | ||
|---|---|---|---|
| 001 | 1/2412 | ||
| 008 | 091209s2002 xx ||| | || ||eng|| | ||
| 035 | |l 10105987 | ||
| 040 | |a GR-MyUa |b gre |e AACR2 | ||
| 041 | 0 | |a eng |j mul | |
| 082 | 7 | |a 791.437 |2 (22) | |
| 245 | 0 | 0 | |a Mash |h [μαγνητοσκόπηση] / |c σκηνοθεσία: Ρόμπερτ Άλτμαν. |
| 260 | |a [S.l.] : |b Twentieth Century Fox ; |a Αθήνα : |b Odeon [Εταιρεία διανομής], |c c2002. | ||
| 300 | |a 2 βιντεοδίσκοι (90 λεπτ.) : |b ομίλ., έγχρ. ; |c 4 3/4 ίν. | ||
| 500 | |a Κυκλοφόρησε πρώτη φορά ως κινηματογραφική ταινία το 1969. | ||
| 508 | |a Μουσική, Τζόνι Μάντελ ; μοντάζ, Ντάνφορντ Γκρίν ; διεύθυνση φωτογραφίας, Χάρολντ Στάϊν ; σενάριο, Ρικ Λάρντνερ Τζ. ; βασισμένο στο βιβλίου του Ρίτσαρντ Χούκερ ; παραγωγή, Ίνγκο Πρέμινγκερ. | ||
| 511 | 0 | |a Ντόναλτν Σάδερλαντ, Έλιοτ Γκούλντ, Τομ Σκέριτ, Σάλι Κέλερμαν, Ρόμπερτ Ντιβάλ. | |
| 520 | 8 | |a Η καθημερινότητα μιας ομάδας χειρουργών που υπηρετούν σε ένα κινητό νοσοκομείο κατά την διάρκεια του πολέμου της Κορέας. Προκειμένου να αντεπεξέλθουν στην καθημερινή φρίκη που αντιμετωπίζουν, υιοθετούν ένα διαφορετικό τρόπο ζωής και μεταλλάσσουν την θητεία τους σε μια ανεπανάληπτη σουρεαλιστική περιπέτεια. Μπροστά στην παράνοια του πολέμου και στην ανοησία της στρατιωτικής γραφειοκρατίας, οι ήρωες επιλέγουν αντί του αναισθητικού, το καθαρό χιούμορ και ανακαλύπτουν πως ακόμα και στις χειρότερες των περιστάσεων υπάρχει χώρος για ένα χαμόγελο. | |
| 546 | |a Στα αγγλικά με υπότιτλους στα ελληνικά. | ||
| 650 | 0 | |a Korea War, 1950-1953 |v Drama. | |
| 655 | 7 | |a Feature films |2 lcgft | |
| 700 | 1 | |a Altman, Robert, |d 1925-2006, |e drt | |
| 700 | 1 | |a Sutherland, Donald, |d 1935- |e act | |
| 700 | 1 | |a Gould, Elliott, |e act | |
| 700 | 1 | |a Skerritt, Tom, |e act | |
| 700 | 1 | |a Kellerman, Sally, |e act | |
| 700 | 1 | |a Duvall, Robert, |e act | |
| 852 | |a INST |b SYROS |c AV |e 20091209 |h 791.437 ALT |p 005500007983 |q 005500007983 |t DVD |y 23 |z Disc.2 | ||
| 852 | |a INST |b SYROS |c AV |e 20091209 |h 791.437 ALT |p 005500007984 |q 005500007984 |t DVD |y 23 |z Disc.1 | ||
| 852 | |a INST |b SYROS |c AV |e 20091209 |h 791.437 ALT |p 005500007983 |q 005500007983 |t DVD |v Disc.2: |y 23 |z Disc.2 | ||
| 852 | |a INST |b SYROS |c AV |e 20091209 |h 791.437 ALT |p 005500007984 |q 005500007984 |t DVD |v Disc.1: |y 23 |z Disc.1 | ||
| 853 | |a INST |b SYROS |c AV |h 791.437 ALT | ||
| 901 | |a BIBL5-2008-1 | ||
| 922 | |a 5ΕΛΗ |b 200810 |c Βιβλιοθήκη Σύρου |d DVD Club Enter | ||
| 970 | |a Κοντού |b Παρασκευή |z 09/12/2009 | ||